000 00700nam a22002297a 4500
003 BUBTL
008 140201b xxu||||| |||| 00| 0 eng d
020 _a0-07-231499-0
082 _a658.4012
_bTHM
100 _9157
_aThomson, Arthur A.
245 _aStrategic management
_c/ Arthur A. Thomson & A. J. Strickland.
_b: Concepts and cases
250 _a12th ed.
260 _aBoston,
_bMcGraw Hill,
_cc2001.
300 _axvix, 615p.:
_bills.,
_c25 cm.
500 _aIncludes Index and Bibliographies
650 0 _9158
_aStrategic Planning
650 0 _939
_aManagement
700 _940
_a Strickland, A. J.
856 _k0
_l0
_yDownload
942 _2ddc
_cBK
999 _c119
_d119